| 000 | 00370nam a22001337a 4500 | ||
|---|---|---|---|
| 040 | _aNUST | ||
| 082 |
_a620.104 _bBED |
||
| 100 |
_aBedford Anthony _99026 |
||
| 110 |
_aFowler Wallace _9124574 |
||
| 245 | _aEngineering Mechanics Dynamics | ||
| 260 |
_aRawalpindi: _bMarshal Printing Press; _c2007. |
||
| 610 |
_aEngineering Mechanics Dynamics _9124575 |
||
| 942 |
_2ddc _cBK |
||
| 999 |
_c610396 _d610396 |
||